000 00546nam a2200181 i 4500
001 38488
003 ES-MaACL
005 20230906155751.0
007 t|
008 030225s1947 cu ||||1| spa d
100 1 _aCamacho, Pánfilo D.
_933963
245 1 0 _aMarta Abreu
_b: una mujer comprendida /
_cPánfilo D. Camacho.
260 _aLa Habana :
_bTrópico,
_c1947 (
_fSeoane, Fernández y Cía.)
300 _a223 p. ;
_c21 cm.
600 1 4 _aAbreu Arencibia, Marta,
_9165735
852 _aES-MaACL
_jC-4515
_bR.24314
999 _c38488
_d38488